[Event "VIII C.to Italiano U20"]
[Site "Paderno del Grappa ITA"]
[Date "2000.07.21"]
[Round "7"]
[White "Tomba, Ivan"]
[Black "Galli, Fabio"]
[Result "1/2-1/2"]
[WhiteElo "2022"]
[BlackElo "2107"]
[PlyCount "129"]
[EventDate "2000.07.15"]

1.e4 e5 2.Nf3 d6 3.d4 exd4 4.Nxd4 g6 5.Nc3 Bg7 6.Be3 Nf6 7.f3 O-O 8.Bc4 
Nc6 9.Qd2 Nxd4 10.Bxd4 Be6 11.Bxe6 fxe6 12.O-O Nd7 13.Bxg7 Kxg7 14.Ne2 Qf6
15.c3 Rf7 16.Nd4 Raf8 17.Qe2 Nb6 18.a4 e5 19.Nc2 Nc8 20.a5 c6 21.a6 b6 22.
Ne3 Ne7 23.Rfd1 Rd8 24.Nc4 Nc8 25.Ne3 Qe6 26.Qc4 Qxc4 27.Nxc4 Kf6 28.b4 
Rfd7 29.Ne3 h5 30.b5 cxb5 31.Nd5+ Ke6 32.Rab1 Ne7 33.Rxb5 Nxd5 34.Rbxd5 
Rc8 35.R1d3 Rc4 36.Kf2 Ra4 37.Kg3 Rxa6 38.f4 exf4+ 39.Kxf4 Ra2 40.Rg3 Kf6 
41.Ke3 Ra5 42.e5+ Kg7 43.Rxa5 bxa5 44.Rg5 Re7 45.Kd4 Rxe5 46.Rg3 Kf6 47.c4
g5 48.Ra3 Re2 49.Rxa5 Rd2+ 50.Kc3 Rxg2 51.h4 Rg3+ 52.Kd2 Rg4 53.hxg5+ Rxg5
54.Rxa7 Rc5 55.Rd7 Ke5 56.Rh7 Kd4 57.Rh6 Rc6 58.Ke2 Kxc4 59.Kd2 Ra6 60.
Rxh5 Ra2+ 61.Kd1 d5 62.Rh4+ d4 63.Rh3 Rg2 64.Rf3 d3 65.Rf8 1/2-1/2

[Event "VIII C.to Italiano U20"]
[Site "Paderno del Grappa ITA"]
[Date "2000.07.21"]
[Round "7"]
[White "Tonon, Gabriele"]
[Black "Mogranzini, Roberto"]
[Result "0-1"]
[WhiteElo "1600"]
[BlackElo "1969"]
[PlyCount "68"]
[EventDate "2000.07.15"]

1.e4 c5 2.Nf3 d6 3.d4 cxd4 4.Nxd4 Nf6 5.Nc3 a6 6.Bc4 e6 7.O-O b5 8.Bb3 Be7
9.f4 Bb7 10.e5 dxe5 11.fxe5 Bc5 12.Be3 Nc6 13.exf6 Bxd4 14.Bxd4 Qxd4+ 15.
Qxd4 Nxd4 16.Rad1 Nxb3 17.cxb3 gxf6 18.Rxf6 Rg8 19.Rd2 Ke7 20.Rf4 Rad8 21.
Rff2 h5 22.a3 f5 23.Kf1 Kf6 24.g3 e5 25.Ke1 Ke6 26.b4 h4 27.Rxd8 Rxd8 28.
Rd2 Rh8 29.Ne2 hxg3 30.hxg3 Bf3 31.Kf2 Bxe2 32.Kxe2 Rh2+ 33.Ke3 Rxd2 34.
Kxd2 Kd5 0-1

[Event "VIII C.to Italiano U20"]
[Site "Paderno del Grappa ITA"]
[Date "2000.07.22"]
[Round "8"]
[White "Arcion, Riccardo"]
[Black "Forato, Piero"]
[Result "1-0"]
[WhiteElo "1804"]
[BlackElo "2050"]
[PlyCount "37"]
[EventDate "2000.07.15"]

1.d4 Nf6 2.c4 g6 3.Nc3 Bg7 4.e4 d6 5.f4 O-O 6.Nf3 c5 7.d5 e6 8.Be2 exd5 9.
cxd5 Re8 10.e5 dxe5 11.fxe5 Ng4 12.Bg5 Qa5 13.O-O Nxe5 14.Nxe5 Rxe5 15.Bf4
Re8 16.Nb5 Na6 17.Bc4 Qb4 18.b3 h5 19.Bd2 1-0

[Event "VIII C.to Italiano U20"]
[Site "Paderno del Grappa ITA"]
[Date "2000.07.22"]
[Round "8"]
[White "Artizzu, Giulio"]
[Black "Cortina, Federico"]
[Result "1-0"]
[WhiteElo "2095"]
[BlackElo "1738"]
[PlyCount "39"]
[EventDate "2000.07.15"]

1.e4 c5 2.Nf3 d6 3.d4 cxd4 4.Nxd4 Nf6 5.Nc3 a6 6.Bc4 e6 7.Bb3 b5 8.a3 Bb7 
9.O-O Nbd7 10.Bxe6 fxe6 11.Nxe6 Qb8 12.Nd5 Nxd5 13.exd5 Nf6 14.Re1 Kf7 15.
Bg5 Bxd5 16.Nxf8 Rxf8 17.Bxf6 Bxg2 18.Bc3 Bc6 19.Qh5+ Kg8 20.Re7 1-0

[Event "VIII C.to Italiano U20"]
[Site "Paderno del Grappa ITA"]
[Date "2000.07.22"]
[Round "8"]
[White "Cacco, Christian"]
[Black "Iafelice, Vincenzo"]
[Result "1/2-1/2"]
[WhiteElo "2267"]
[BlackElo "1903"]
[PlyCount "106"]
[EventDate "2000.07.15"]

1.d4 f5 2.g3 Nf6 3.Bg2 g6 4.b3 Bg7 5.Bb2 O-O 6.Nf3 d6 7.Nbd2 Qe8 8.O-O 
Nbd7 9.c4 e5 10.dxe5 Nxe5 11.Qc2 Nxf3+ 12.exf3 f4 13.g4 g5 14.Rfe1 Qg6 15.
Qxg6 hxg6 16.Re7 Rf7 17.Rae1 Kf8 18.R7e2 Bd7 19.Bf1 Re8 20.Rxe8+ Bxe8 21.
Bd3 Re7 22.Rc1 Nd7 23.Ba3 Bf6 24.Be4 b6 25.b4 Bf7 26.Rc2 c5 27.b5 Ne5 28.
Kg2 Kg7 29.Bb2 Nd7 30.Bc1 Be5 31.a4 Nf6 32.Bc6 Rc7 33.Ne4 Nxe4 34.fxe4 Kf6
35.Bd2 a5 36.f3 Rc8 37.Be1 Rh8 38.Bd5 Bxd5 39.exd5 Rh7 40.Re2 Re7 41.Kf1 
Rh7 42.Kg1 Bd4+ 43.Kg2 Be5 44.Bd2 Rb7 45.Re4 Rd7 46.h4 gxh4 47.Bxf4 g5 48.
Bh2 Re7 49.Bg1 Bf4 50.Rxe7 Kxe7 51.Bf2 Kd7 52.Be1 Ke7 53.Kh3 Kd7 1/2-1/2

[Event "VIII C.to Italiano U20"]
[Site "Paderno del Grappa ITA"]
[Date "2000.07.22"]
[Round "8"]
[White "Costantini, Roberto"]
[Black "Genocchio, Daniele"]
[Result "0-1"]
[WhiteElo "2233"]
[BlackElo "2201"]
[PlyCount "40"]
[EventDate "2000.07.15"]

1.e4 Nf6 2.e5 Nd5 3.g3 d6 4.exd6 cxd6 5.Bg2 Nf6 6.d4 Bg4 7.Ne2 Nc6 8.Be3 
h6 9.O-O Qd7 10.c4 g5 11.Nbc3 Bg7 12.Qa4 O-O 13.f3 Bf5 14.Rfc1 Bd3 15.b3 
d5 16.c5 b5 17.Qa6 Ne8 18.Nxd5 Qxd5 19.f4 Qe6 20.Kf2 Nf6 0-1

[Event "VIII C.to Italiano U20"]
[Site "Paderno del Grappa ITA"]
[Date "2000.07.22"]
[Round "8"]
[White "Lo Curto, Emanuele"]
[Black "Pulito, Alberto"]
[Result "1-0"]
[WhiteElo "2132"]
[BlackElo "2086"]
[PlyCount "59"]
[EventDate "2000.07.15"]

1.e4 e6 2.d3 c5 3.Nf3 b6 4.Nbd2 Bb7 5.g3 Nf6 6.Bg2 Be7 7.O-O d6 8.Qe2 O-O 
9.c3 Nbd7 10.Nh4 Ne8 11.Nhf3 Rc8 12.Ne1 Nc7 13.f4 b5 14.Nc2 Nb6 15.Nf3 d5 
16.e5 c4 17.d4 a5 18.Ne3 b4 19.f5 exf5 20.Nxf5 Nb5 21.Qc2 Bc6 22.Nxe7+ 
Qxe7 23.Ng5 g6 24.Nf3 Qa7 25.Bh6 Rfe8 26.Ng5 Re7 27.Qf2 Nd7 28.Nxf7 bxc3 
29.bxc3 Nxc3 30.Nd6 1-0

[Event "VIII C.to Italiano U20"]
[Site "Paderno del Grappa ITA"]
[Date "2000.07.22"]
[Round "8"]
[White "Mariano, Elia"]
[Black "Castaldo, Folco"]
[Result "0-1"]
[WhiteElo "2093"]
[BlackElo "2227"]
[PlyCount "78"]
[EventDate "2000.07.15"]

1.d4 Nf6 2.Nf3 e6 3.Bg5 c5 4.e4 cxd4 5.e5 h6 6.Bh4 g5 7.exf6 gxh4 8.Qxd4 
Nc6 9.Qxh4 Qb6 10.b3 Qa5+ 11.c3 Rg8 12.Bd3 Rxg2 13.Kf1 Rg8 14.Rg1 Rxg1+ 
15.Kxg1 Ne5 16.Be2 Ng6 17.Qd4 Qf5 18.Nbd2 Bc5 19.Qd3 Qg4+ 20.Kf1 Nf4 21.
Qe4 Qg2+ 22.Ke1 Qxf2+ 23.Kd1 Nxe2 24.Qxe2 Qxe2+ 25.Kxe2 d5 26.Nd4 e5 27.
N4f3 Bg4 28.h3 Bh5 29.Kf1 e4 30.Nd4 Kd7 31.b4 Bb6 32.Nf5 Rg8 33.Ng7 Bg6 
34.Rd1 Kc6 35.Nb3 Rd8 36.a4 a6 37.a5 Ba7 38.Nd4+ Bxd4 39.Rxd4 Rd6 0-1

[Event "VIII C.to Italiano U20"]
[Site "Paderno del Grappa ITA"]
[Date "2000.07.22"]
[Round "8"]
[White "Mogranzini, Roberto"]
[Black "Delfino, Luigi"]
[Result "0-1"]
[WhiteElo "1969"]
[BlackElo "2126"]
[PlyCount "46"]
[EventDate "2000.07.15"]

1.e4 e6 2.d4 d5 3.Nd2 dxe4 4.Nxe4 Nd7 5.Nf3 Ngf6 6.Ng3 Bd6 7.Bd3 O-O 8.O-O
c5 9.c3 h6 10.Qe2 Qc7 11.Ne4 b6 12.Nxd6 Qxd6 13.Rd1 cxd4 14.cxd4 Bb7 15.
Ne5 Qd5 16.Nf3 Qd6 17.a3 Rac8 18.Bd2 Rfe8 19.Bb4 Qd5 20.Rac1 Qh5 21.Bd6 
Bxf3 22.gxf3 Rxc1 23.Rxc1 Qg5+ 0-1

[Event "VIII C.to Italiano U20"]
[Site "Paderno del Grappa ITA"]
[Date "2000.07.22"]
[Round "8"]
[White "Nardelli, Marco"]
[Black "Navarro, Stefano"]
[Result "1/2-1/2"]
[WhiteElo "1479"]
[BlackElo "1792"]
[PlyCount "33"]
[EventDate "2000.07.15"]

1.e4 e5 2.Nf3 Nc6 3.Bb5 a6 4.Ba4 Nf6 5.O-O b5 6.Bb3 Bc5 7.c3 Qe7 8.Re1 d6 
9.d4 Bb6 10.Bd5 Bb7 11.Nbd2 O-O 12.Nf1 Na5 13.Bxb7 Nxb7 14.Ng3 Rfe8 15.Nf5
Qd7 16.N3h4 exd4 17.cxd4 1/2-1/2

[Event "VIII C.to Italiano U20"]
[Site "Paderno del Grappa ITA"]
[Date "2000.07.22"]
[Round "8"]
[White "Sardo, Gabriele"]
[Black "Tomba, Ivan"]
[Result "1-0"]
[WhiteElo "2189"]
[BlackElo "2022"]
[PlyCount "79"]
[EventDate "2000.07.15"]

1.e4 c5 2.Nc3 Nc6 3.f4 g6 4.Nf3 Bg7 5.Bc4 e6 6.O-O Nge7 7.d3 d5 8.Bb3 O-O 
9.Qe1 a6 10.a4 Nd4 11.Nxd4 cxd4 12.Ne2 dxe4 13.dxe4 d3 14.Nc3 Nc6 15.Be3 
dxc2 16.Bxc2 Nb4 17.Bb3 Qc7 18.Qe2 Rd8 19.a5 Bd4 20.Rfd1 Bxe3+ 21.Qxe3 Bd7
22.Qd4 Nc6 23.Qf6 Nxa5 24.Ba2 Nc6 25.e5 Qb6+ 26.Kh1 Qxb2 27.Ne4 Be8 28.Qg5
Qe2 29.Re1 Qc2 30.Qh6 Qxe4 31.Rxe4 Rd3 32.Ree1 Ne7 33.Qg5 Nf5 34.Bb1 Rd2 
35.Bxf5 exf5 36.Red1 Rc2 37.Qe7 Bc6 38.Rd8+ Rxd8 39.Qxd8+ Kg7 40.Qf6+ 1-0

[Event "VIII C.to Italiano U20"]
[Site "Paderno del Grappa ITA"]
[Date "2000.07.22"]
[Round "8"]
[White "Sedani, Elisa"]
[Black "Chindemi, Giuseppe"]
[Result "1-0"]
[WhiteElo "1533"]
[BlackElo "1500"]
[PlyCount "37"]
[EventDate "2000.07.15"]

1.e4 c5 2.Nf3 Nc6 3.d4 cxd4 4.Nxd4 d6 5.Nc3 g6 6.f4 Bg7 7.Be3 Qc7 8.Be2 
Nf6 9.O-O Ng4 10.Ndb5 Qa5 11.Bxg4 Bxg4 12.Qxg4 a6 13.Nxd6+ exd6 14.Nd5 O-O
15.f5 Bxb2 16.f6 Bxa1 17.Qh4 Bxf6 18.Nxf6+ Kg7 19.Qxh7# 1-0

[Event "VIII C.to Italiano U20"]
[Site "Paderno del Grappa ITA"]
[Date "2000.07.23"]
[Round "9"]
[White "Castaldo, Folco"]
[Black "Genocchio, Daniele"]
[Result "1/2-1/2"]
[WhiteElo "2227"]
[BlackElo "2201"]
[PlyCount "83"]
[EventDate "2000.07.15"]

1.e4 g6 2.d4 Bg7 3.Nc3 c5 4.d5 d6 5.f4 a6 6.a4 Nh6 7.Nf3 O-O 8.Be2 Nd7 9.
O-O Nf6 10.Kh1 e6 11.dxe6 Bxe6 12.f5 gxf5 13.Bg5 Qb6 14.Qc1 Nhg4 15.exf5 
Bxf5 16.h3 Nh5 17.hxg4 Ng3+ 18.Kh2 Nxf1+ 19.Bxf1 Bxg4 20.Bh6 d5 21.Bxg7 
Kxg7 22.Nxd5 Qg6 23.Qf4 Rad8 24.Nh4 Qd6 25.Qxd6 Rxd6 26.Ne3 f5 27.Bd3 Rdf6
28.Rf1 h5 29.Nhxf5+ Bxf5 30.Nxf5+ Kh8 31.b3 b5 32.axb5 axb5 33.Ne3 Rxf1 
34.Nxf1 Rb8 35.Kg3 Kg7 36.Ne3 Kf6 37.Kf4 Rb7 38.Nd5+ Ke6 39.Ne3 Kf6 40.
Nd5+ Ke6 41.Ne3 Kf6 42.Be4 1/2-1/2

[Event "VIII C.to Italiano U20"]
[Site "Paderno del Grappa ITA"]
[Date "2000.07.23"]
[Round "9"]
[White "Cedriano, Filippo"]
[Black "Nardelli, Marco"]
[Result "0-1"]
[WhiteElo "1582"]
[BlackElo "1479"]
[PlyCount "60"]
[EventDate "2000.07.15"]

1.d4 Nf6 2.Nf3 g6 3.c4 Bg7 4.Nc3 O-O 5.e4 d6 6.Be2 e5 7.d5 Nbd7 8.O-O Nh5 
9.Ne1 Nf4 10.Bxf4 exf4 11.Qd2 Ne5 12.Qxf4 f5 13.Qd2 f4 14.Nf3 g5 15.Nxe5 
Bxe5 16.Qd1 g4 17.Bxg4 Bxg4 18.Qxg4+ Kh8 19.Ne2 Rg8 20.Qf3 Qh4 21.Kh1 Raf8
22.Rad1 Rf7 23.h3 Rfg7 24.Rg1 b6 25.b4 Qh6 26.a4 Rg5 27.a5 Rh5 28.axb6 Rg3
29.bxc7 Rhxh3+ 30.gxh3 Qxh3# 0-1

[Event "VIII C.to Italiano U20"]
[Site "Paderno del Grappa ITA"]
[Date "2000.07.23"]
[Round "9"]
[White "Chindemi, Giuseppe"]
[Black "Quaranta, Cristiano"]
[Result "0-1"]
[WhiteElo "1500"]
[BlackElo "1468"]
[PlyCount "69"]
[EventDate "2000.07.15"]

1.f4 d5 2.e3 Nf6 3.Nf3 c5 4.b3 e6 5.Bb2 Be7 6.Be2 O-O 7.Nc3 Nbd7 8.O-O b6 
9.Bd3 Bb7 10.Qe1 Ne4 11.Qe2 Nxc3 12.Bxc3 Bf6 13.Ne5 Bxe5 14.fxe5 Qg5 15.
Rf2 Nxe5 16.Bxe5 Qxe5 17.Raf1 g6 18.Rf6 Rac8 19.Qf2 Rc7 20.Qf4 Qxf4 21.
R1xf4 Kg7 22.Rf2 c4 23.Be2 cxb3 24.cxb3 Rc2 25.Bb5 Rxa2 26.Be8 Ra1+ 27.Rf1
Rxf1+ 28.Rxf1 Rxe8 29.Rc1 Rc8 30.Rc3 Rxc3 31.dxc3 a5 32.Kf2 b5 33.Ke2 a4 
34.bxa4 bxa4 35.Kd2 0-1

[Event "VIII C.to Italiano U20"]
[Site "Paderno del Grappa ITA"]
[Date "2000.07.23"]
[Round "9"]
[White "Damia, Angelo"]
[Black "Lorusso, Giuseppe"]
[Result "0-1"]
[WhiteElo "1720"]
[BlackElo "1774"]
[PlyCount "68"]
[EventDate "2000.07.15"]

1.e4 c5 2.Nf3 Nc6 3.d4 cxd4 4.Nxd4 Nf6 5.Nc3 d6 6.Be3 e5 7.Nb3 Be7 8.Be2 
O-O 9.O-O Be6 10.f3 d5 11.Nxd5 Nxd5 12.exd5 Bxd5 13.Qd2 Be6 14.Rad1 Qc7 
15.c3 Rfd8 16.Qc1 Na5 17.Qc2 Nc4 18.Bxc4 Bxc4 19.Rxd8+ Rxd8 20.Rd1 b6 21.
Rxd8+ Qxd8 22.Qd2 Qxd2 23.Bxd2 f5 24.Kf2 Kf7 25.Nc1 Ke6 26.b3 Bd5 27.c4 
Bc6 28.Nd3 Bd6 29.Nb4 Bc5+ 30.Ke2 Bb7 31.Nd3 Bd6 32.Bb4 e4 33.Bc3 exd3+ 
34.Kxd3 Be5 0-1

[Event "VIII C.to Italiano U20"]
[Site "Paderno del Grappa ITA"]
[Date "2000.07.23"]
[Round "9"]
[White "De Bortoli, Peter"]
[Black "Mariano, Elia"]
[Result "0-1"]
[WhiteElo "2195"]
[BlackElo "2093"]
[PlyCount "132"]
[EventDate "2000.07.15"]

1.Nf3 Nf6 2.b3 g6 3.Bb2 Bg7 4.c4 O-O 5.e3 c5 6.Be2 b6 7.O-O Bb7 8.Qc2 Nc6 
9.a3 e6 10.d3 Rc8 11.Nbd2 d5 12.Rac1 Qe7 13.Qb1 Rfd8 14.Qa1 Ne8 15.Bxg7 
Nxg7 16.Rfd1 Nf5 17.Nf1 Nh4 18.N1d2 Nf5 19.Qb2 Qf8 20.Kh1 Qg7 21.Qb1 a5 
22.Bf1 Nd6 23.Kg1 d4 24.e4 f5 25.Re1 f4 26.g4 fxg3 27.fxg3 Rf8 28.Bh3 Rce8
29.Rf1 Bc8 30.Rf2 g5 31.Bg2 g4 32.Nh4 Rxf2 33.Kxf2 Qg5 34.Nf1 Ne5 35.Rd1 
Rf8+ 36.Kg1 Nf3+ 37.Bxf3 gxf3 38.Rd2 e5 39.Rf2 Bg4 40.Nd2 Qe3 41.Qf1 Nf7 
42.h3 Bd7 43.Ndxf3 h5 44.Kg2 Re8 45.Qe2 Qxe2 46.Rxe2 Kg7 47.Rf2 a4 48.b4 
b5 49.cxb5 cxb4 50.axb4 Bxb5 51.Nf5+ Kg8 52.Ne1 Ra8 53.Kf1 Bd7 54.g4 hxg4 
55.hxg4 Be6 56.Nc2 a3 57.Ke2 a2 58.Rf1 Bb3 59.Na1 Ra3 60.Kd2 Ba4 61.Ne7+ 
Kg7 62.Nc8 Bd7 63.Nc2 a1=Q 64.Nxa1 Bxc8 65.Nc2 Rb3 66.Ra1 Nh6 0-1

[Event "VIII C.to Italiano U20"]
[Site "Paderno del Grappa ITA"]
[Date "2000.07.23"]
[Round "9"]
[White "Delfino, Luigi"]
[Black "Artizzu, Giulio"]
[Result "1/2-1/2"]
[WhiteElo "2126"]
[BlackElo "2095"]
[PlyCount "56"]
[EventDate "2000.07.15"]

1.e4 c5 2.Nf3 d6 3.d4 cxd4 4.Nxd4 Nf6 5.Nc3 a6 6.Bc4 e6 7.Bb3 b5 8.Be3 Be7
9.Qe2 Bb7 10.f3 Qc7 11.O-O-O O-O 12.g4 Nc6 13.h4 Nd7 14.g5 Nc5 15.h5 Nxb3+
16.axb3 Qa5 17.Kb1 Nb4 18.g6 Rac8 19.h6 Bf6 20.Qh2 fxg6 21.hxg7 Bxg7 22.
Qxh7+ Kf7 23.Bh6 Rg8 24.Rhg1 Rxc3 25.bxc3 Na2 26.Bxg7 Nxc3+ 27.Kc1 Na2+ 
28.Kb1 Nc3+ 1/2-1/2

[Event "VIII C.to Italiano U20"]
[Site "Paderno del Grappa ITA"]
[Date "2000.07.23"]
[Round "9"]
[White "Forato, Piero"]
[Black "Mogranzini, Roberto"]
[Result "0-1"]
[WhiteElo "2050"]
[BlackElo "1969"]
[PlyCount "56"]
[EventDate "2000.07.15"]

1.e4 c5 2.Nf3 d6 3.d4 cxd4 4.Nxd4 Nf6 5.Nc3 a6 6.Bg5 e6 7.f4 Be7 8.Qf3 Qc7
9.O-O-O h6 10.Bh4 Nbd7 11.Be2 b5 12.Bxf6 Nxf6 13.e5 Bb7 14.Qg3 dxe5 15.
fxe5 Nd7 16.Bf3 Bxf3 17.Nxf3 O-O 18.Ne4 Rac8 19.c3 b4 20.Kb1 bxc3 21.Nxc3 
Nb6 22.Rc1 Qb7 23.Nd4 Nc4 24.Nb3 a5 25.Qf3 Qb4 26.Qe2 a4 27.Nd4 Bg5 28.
Rcd1 a3 0-1

[Event "VIII C.to Italiano U20"]
[Site "Paderno del Grappa ITA"]
[Date "2000.07.23"]
[Round "9"]
[White "Galli, Fabio"]
[Black "Costantini, Roberto"]
[Result "0-1"]
[WhiteElo "2107"]
[BlackElo "2233"]
[PlyCount "64"]
[EventDate "2000.07.15"]

1.e4 c5 2.Nf3 d6 3.d4 cxd4 4.Nxd4 Nf6 5.Nc3 a6 6.Bc4 e6 7.Bb3 Nbd7 8.f4 
Nc5 9.Qf3 Be7 10.f5 O-O 11.Be3 e5 12.Nde2 Nxb3 13.axb3 b5 14.O-O-O Bb7 15.
h4 Rc8 16.Nd5 Bxd5 17.exd5 Qc7 18.c3 b4 19.Bg5 bxc3 20.bxc3 Qb7 21.Bxf6 
Bxf6 22.Kc2 e4 23.Qxe4 Rfe8 24.Qd3 Qb4 25.Nd4 Rc5 26.c4 Ra5 27.Ra1 Rxa1 
28.Rxa1 Bxd4 29.Qxd4 Re2+ 30.Kc1 Qe1+ 31.Qd1 Qc3+ 32.Kb1 Rb2# 0-1

[Event "VIII C.to Italiano U20"]
[Site "Paderno del Grappa ITA"]
[Date "2000.07.23"]
[Round "9"]
[White "Iafelice, Vincenzo"]
[Black "Lo Curto, Emanuele"]
[Result "1/2-1/2"]
[WhiteElo "1903"]
[BlackElo "2132"]
[PlyCount "41"]
[EventDate "2000.07.15"]

1.e4 c5 2.Nf3 d6 3.d4 cxd4 4.Nxd4 Nf6 5.Nc3 Nc6 6.Be2 e6 7.Be3 Be7 8.O-O 
a6 9.Kh1 Qc7 10.f4 O-O 11.Qe1 Bd7 12.Qg3 b5 13.a3 Nxd4 14.Bxd4 Bc6 15.Rae1
Rac8 16.Bd3 Rfd8 17.Bxf6 Bxf6 18.e5 Be7 19.f5 dxe5 20.fxe6 f6 21.Qg4 
1/2-1/2

[Event "VIII C.to Italiano U20"]
[Site "Paderno del Grappa ITA"]
[Date "2000.07.23"]
[Round "9"]
[White "Navarro, Stefano"]
[Black "Santacroce, Fidel"]
[Result "1-0"]
[WhiteElo "1792"]
[BlackElo "1609"]
[PlyCount "55"]
[EventDate "2000.07.15"]

1.e4 c5 2.Nf3 e6 3.d4 cxd4 4.Nxd4 a6 5.Nc3 Qc7 6.Bd3 Nc6 7.Nde2 Bc5 8.O-O 
b5 9.a3 Bb7 10.Kh1 d6 11.f4 Nf6 12.Qe1 Nd4 13.Ng1 Qe7 14.e5 Nd5 15.Ne4 b4 
16.Nf3 Nf5 17.Nxc5 dxc5 18.g4 Nh6 19.h3 bxa3 20.bxa3 Rc8 21.Be4 O-O 22.f5 
exf5 23.gxf5 Nb6 24.Bxh6 Bxe4 25.Qxe4 Rfd8 26.f6 Qd7 27.Ng5 g6 28.e6 1-0

[Event "VIII C.to Italiano U20"]
[Site "Paderno del Grappa ITA"]
[Date "2000.07.23"]
[Round "9"]
[White "Sardo, Gabriele"]
[Black "Coratella, Giuseppe"]
[Result "0-1"]
[WhiteElo "2189"]
[BlackElo "2077"]
[PlyCount "78"]
[EventDate "2000.07.15"]

1.e4 e6 2.Nc3 d5 3.d4 Nf6 4.Bg5 Be7 5.e5 Nfd7 6.Bxe7 Qxe7 7.f4 a6 8.Nf3 c5
9.dxc5 Nc6 10.Bd3 Qxc5 11.Qd2 b5 12.O-O-O Nb6 13.Kb1 Bd7 14.f5 exf5 15.Qg5
O-O 16.Bxf5 h6 17.Qh5 Bxf5 18.Qxf5 Ne7 19.Qh5 Nc4 20.Rd3 Rac8 21.Nd4 Ng6 
22.Nb3 Qc7 23.Nxd5 Na3+ 24.Ka1 Nxc2+ 25.Kb1 Na3+ 26.Ka1 Qc4 27.Rhd1 Nc2+ 
28.Kb1 Qe4 29.Qf3 Qxe5 30.Nb6 Ne1 31.Rxe1 Qxe1+ 32.Rd1 Qe6 33.Nxc8 Rxc8 
34.Nd4 Qc4 35.Qb3 Qc7 36.Nf3 Nf4 37.g3 Ne6 38.a3 Qc6 39.Ka2 Nc5 0-1

[Event "VIII C.to Italiano U20"]
[Site "Paderno del Grappa ITA"]
[Date "2000.07.23"]
[Round "9"]
[White "Sedani, Elisa"]
[Black "Navarro, Tommaso"]
[Result "0-1"]
[WhiteElo "1533"]
[BlackElo "1446"]
[PlyCount "74"]
[EventDate "2000.07.15"]

1.e4 e5 2.Nf3 Nc6 3.d4 d6 4.dxe5 Nxe5 5.Nxe5 dxe5 6.Qxd8+ Kxd8 7.Bc4 Ke7 
8.Nc3 Nf6 9.Bg5 h6 10.Nd5+ Kd6 11.Bxf6 gxf6 12.Nxf6 Bg7 13.O-O-O+ Kc5 14.
Rd5+ Kxc4 15.b3+ Kb4 16.c3+ Kxc3 17.Rc5+ Kb4 18.Rc4+ Ka5 19.Nd5 Bf8 20.
Ra4+ Kb5 21.Nxc7+ Kc6 22.Rc4+ Kd7 23.Rd1+ Ke7 24.Nxa8 Be6 25.Rc7+ Kf6 26.
Rxb7 Ba3+ 27.Kb1 Rxa8 28.Rc7 a5 29.g3 a4 30.f4 axb3 31.Rc6 bxa2+ 32.Kc2 
exf4 33.gxf4 Ke7 34.f5 Bd7 35.f6+ Ke8 36.Rc4 Ba4+ 37.Rxa4 Rxa4 0-1

[Event "VIII C.to Italiano U20"]
[Site "Paderno del Grappa ITA"]
[Date "2000.07.23"]
[Round "9"]
[White "Sorcinelli, Francesco"]
[Black "Pulito, Alberto"]
[Result "0-1"]
[WhiteElo "1650"]
[BlackElo "2086"]
[PlyCount "39"]
[EventDate "2000.07.15"]

1.f4 e6 2.Nf3 d5 3.b3 c5 4.e3 Nc6 5.Bb2 Nf6 6.Nc3 a6 7.Be2 Bd6 8.O-O O-O 
9.a3 Qc7 10.Qe1 e5 11.fxe5 Nxe5 12.Nxe5 Bxe5 13.Qh4 Bd7 14.d4 cxd4 15.exd4
Qb6 16.Nxd5 Nxd5 17.Bd3 f5 18.Bc4 Be6 19.Rad1 Bf6 20.Qf4 0-1

[Event "VIII C.to Italiano U20"]
[Site "Paderno del Grappa ITA"]
[Date "2000.07.23"]
[Round "9"]
[White "Tomba, Ivan"]
[Black "Arcion, Riccardo"]
[Result "1/2-1/2"]
[WhiteElo "2022"]
[BlackElo "1804"]
[PlyCount "69"]
[EventDate "2000.07.15"]

1.e4 e5 2.Nf3 Nc6 3.d4 exd4 4.Nxd4 Nf6 5.Nxc6 bxc6 6.e5 Qe7 7.Qe2 Nd5 8.c4
Ba6 9.b3 g6 10.g3 Bg7 11.Bb2 O-O 12.Bg2 Nb6 13.O-O d5 14.Nd2 c5 15.Rfe1 
Rad8 16.Rac1 Rfe8 17.f4 c6 18.Qf2 Bf8 19.a4 Qc7 20.Ba3 dxc4 21.Ne4 Be7 22.
Bxc5 cxb3 23.Bxe7 Rxe7 24.Nf6+ Kg7 25.Rxc6 Qb8 26.a5 Bb7 27.axb6 Bxc6 28.
Bxc6 axb6 29.Rb1 Rc7 30.Bd5 Rc2 31.Qe3 b2 32.Qa3 b5 33.Qe7 Qb6+ 34.Kh1 
Rxd5 35.Ne8+ 1/2-1/2

[Event "VIII C.to Italiano U20"]
[Site "Paderno del Grappa ITA"]
[Date "2000.07.23"]
[Round "9"]
[White "Tonon, Gabriele"]
[Black "Veltcheva, Mina"]
[Result "1-0"]
[WhiteElo "1600"]
[BlackElo "1600"]
[PlyCount "73"]
[EventDate "2000.07.15"]

1.e4 c5 2.Nf3 Nc6 3.d4 cxd4 4.Nxd4 Nf6 5.Nc3 e5 6.Nde2 Bb4 7.f3 d5 8.exd5 
Nxd5 9.Bd2 Nxc3 10.Nxc3 Bxc3 11.Bxc3 Qxd1+ 12.Rxd1 O-O 13.Bc4 Bf5 14.Bb3 
Rad8 15.O-O Nd4 16.Bxd4 exd4 17.Rd2 Rd7 18.Rfd1 Rfd8 19.Re1 b5 20.Re5 Be6 
21.Bxe6 fxe6 22.Rxb5 Rd5 23.Rxd5 Rxd5 24.f4 Kf7 25.Kf2 Kf6 26.Kf3 g5 27.
fxg5+ Rxg5 28.Ke4 Ra5 29.a3 e5 30.Rd3 Rc5 31.c3 dxc3 32.Rxc3 Rb5 33.b4 a5 
34.Rc5 Rxc5 35.bxc5 Ke6 36.a4 Kf6 37.h4 1-0